| 000 | 00000nam 2200000zi 4500 |
| 001 | 9.932655 |
| 003 | CaOODSP |
| 005 | 20251124105727 |
| 006 | m o d f |
| 007 | cr mn||||||||| |
| 008 | 240118t20242024qucab ob f000 0 fre d |
| 020 | |a9780660696935 |
| 040 | |aCaOODSP|bfre|erda|cCaOODSP |
| 043 | |an-cn-qu |
| 045 | |ay2y2 |
| 086 | 1 |aEn154-53/2024F-PDF |
| 245 | 00|aPortrait global de l'état du Saint-Laurent 2024. |
| 264 | 1|a[Québec] : |bPlan d'action Saint-Laurent 2011-2026, |c2024. |
| 264 | 4|c©2024 |
| 300 | |a1 ressource en ligne (v, 64 pages) : |billustrations (principalement en couleur), cartes en couleur |
| 336 | |atexte|btxt|2rdacontent/fre |
| 337 | |ainformatique|bc|2rdamedia/fre |
| 338 | |aressource en ligne|bcr|2rdacarrier/fre |
| 500 | |aPublié aussi en anglais sous le titre : Overview of the state of the St. Lawrence 2024. |
| 500 | |aComprend des références bibliographiques. |
| 520 | |a« Le programme Suivi de l'état du Saint-Laurent a été mis sur pied en 2003 dans le cadre de l'Entente Canada-Québec sur le Saint-Laurent. Depuis, les partenaires mettent leur expertise en commun pour rendre compte, à intervalles réguliers, de l'état et de l'évolution du Saint-Laurent. Les résultats du suivi des indicateurs environnementaux sont rendus disponibles par la diffusion d'une série de fiches d'information, la tenue d'un Rendez-vous Saint-Laurent triennal et la publication d'un portrait global quinquennal. Ce portrait global de 2024 souligne que l'équilibre du fleuve Saint-Laurent demeure fragile. De nombreux indicateurs environnementaux ont été utilisés pour évaluer l'état de santé de l'écosystème du Saint-Laurent » -- Fourni par l'éditeur. |
| 650 | 6|aEnvironnement|xSurveillance|zSaint-Laurent (Fleuve) |
| 650 | 6|aIndicateurs écologiques|zSaint-Laurent (Fleuve) |
| 650 | 6|aÉcosystèmes|xSanté|zSaint-Laurent (Fleuve) |
| 710 | 2 |aPlan d'action Saint-Laurent 2011-2026 (Canada), |eorganisme de publication. |
| 710 | 2 |aGroupe de travail suivi de l'état du Saint-Laurent (Canada), |eorganisme de publication. |
| 775 | 08|tOverview of the state of the St. Lawrence 2024.|w(CaOODSP)9.932654 |
| 795 | |tPortrait global de l'état du Saint-Laurent 2019.|w(CaOODSP)9.890946 |
| 856 | 40|qPDF|s8.47 Mo|uhttps://publications.gc.ca/collections/collection_2024/eccc/en154/En154-53-2024-fra.pdf |
| 856 | 4 |qHTML|sS.O.|uhttps://www.planstlaurent.qc.ca/developper-les-connaissances/suivi-de-letat-du-saint-laurent/portrait-global-du-fleuve-saint-laurent-2024 |